Cost accounting / (Record no. 1059)

MARC details
000 -LEADER
fixed length control field 00599nac a22001811u 4500
020 ## - INTERNATIONAL STANDARD BOOK NUMBER
International Standard Book Number 0070482748
082 00 - DEWEY DECIMAL CLASSIFICATION NUMBER
Classification number 658.1511
Item number L193
090 ## - LOCALLY ASSIGNED LC-TYPE CALL NUMBER (OCLC); LOCAL CALL NUMBER (OCLC)
-- 1059
-- 1059
100 ## - MAIN ENTRY--PERSONAL NAME
Personal name Lal, Jawaharlal.
245 10 - TITLE STATEMENT
Title Cost accounting /
Statement of responsibility, etc Jawaharlal Lal.
250 ## - EDITION STATEMENT
Edition statement 3rd ed.
260 ## - PUBLICATION, DISTRIBUTION, ETC. (IMPRINT)
Place of publication, distribution, etc New Delhi :
Name of publisher, distributor, etc Tata McGraw-Hill Pub. Co.,
Date of publication, distribution, etc 2004.
300 ## - PHYSICAL DESCRIPTION
Extent 876 :
Other physical details ill. ;
Dimensions 29 cm.
500 ## - GENERAL NOTE
General note Includes index.
650 #0 - SUBJECT ADDED ENTRY--TOPICAL TERM
Topical term or geographic name as entry element Cost accounting.
942 ## - ADDED ENTRY ELEMENTS (KOHA)
Item type Book - Borrowing
Call number prefix 658.1511L193
Holdings
Withdrawn status Item status Source of classification or shelving scheme Damaged status Not for loan Vendor Home library Current library Shelving location Date acquired Source of acquisition Cost, normal purchase price Total Checkouts Full call number Barcode Date last seen Cost, replacement price Koha item type
    Dewey Decimal Classification       Central Library Central Library First floor 17/08/2006   85.00   658.1511 LAL 000003438 15/07/2025 106.00 Book - Borrowing